03101nam a2200565Ia 45000010005000000080041000050100009000460410014000550820025000692450170000942600011002643000007002755200007002826300015002896300013003046300016003176300017003336300027003506500030003776900016004077000037004237000040004607000047005009010096005479020006006439030045006499040018006949050016007129060006007289070017007349080020007519090051007719100015008229110010008379120014008479130009008619140025008709150009008959160009009049170009009139180014009229190036009365201504009729210007024769220007024839230006024909240014024969420010025109990015025201746241029s9999 xx 000 0 und d a1633 aEspañol aMA-EIN 0002 FH 1998. 0aPercepción de los Estudiantes del Nivel Medio sobre su Rendimiento Académico en Biología, su Actitud hacia la Asignatura y Factores que Inciden, en Villa Tapia aDuarte a79 a33 aBiología aFactores aNivel Medio aPercepción aRedimiento académico aCiencias de la Naturaleza aSintetizado easesorade los Santos, Saturnino eautoraToribio, María Altagracia  eautoraReynoso García, Candida Nolberta  a{"1":"Toribio","2":"Reynoso García"}b{"1":"María Altagracia ","2":"Candida Nolberta "} a1 a{"1":"de los Santos"}b{"1":"Saturnino"} aMagíster en aEducación a1 aMención en aInvestigación aUniversidad Autónoma de Santo Domingo (UASD) aNULLbNULL a["1"] aNO APLICA aNULL a03 de Agosto de 1998 aNULL aNULL aNULL aNO APLICA a["278","243","240","284","242"] aEl propósito del estudio consistió en determinar la percepción que tienen los estudiantes del nivel medio sobre su rendimiento académico en Biología, su actitud hacia la asignatura y factores que inciden en relación a estos aspectos académicos, en las zonas urbana y rural, sector oficial del municipio de Villa Tapia.Fue una investigación descriptiva, en base a una población de 6 docentes de biología y 250 estudiantes. Para obtener las informaciones se elaboró un cuestionario.Los resultados revelan que los estudiantes perciben tener un rendimiento ligeramente favorable en la asignatura, puesto que sus calificaciones han mejorado, la presentación de los temas se hacen con ejemplificaciones de la realidad circundante. En torno a los factores que inciden negativamente en el rendimiento están: bajo ingreso de los padres, poco tiempo dedicado a la asignatura, baja autoconfianza y alimentación inadecuada. En otro sentido se determinó que las estrategias o técnicas utilizadas son las que demanda el nuevo currículo entre las que se destacan: trabajo práctico, trabajo de campo, ensayos de investigación, paneles, etc.El estudio recomienda que se enfaticen las informaciones y orientaciones pedagógicas en uso de nuevas técnicas de enseñanza-aprendizaje, por medios de talleres continuos de colección, preparación, conservación y uso de materiales biológicos y el entorno para el logro de aprendizajes significativos en el proceso educativo. a16 a16 a0 aNO APLICA cTesis c1633d1633